000 01663cam a22004934i 4500
003 PE-LiUPU
005 20250731173358.0
008 150706s1979 nyu rb 000 0 spa d
020 _a0826701310
035 _a(Sirsi) i9780826701312
040 _aPE-LiUPU
_bspa
_cPE-LiUPU
_erda
049 _aPRUA
082 0 4 _a220.05
_bUBSH
_221
100 1 _aWaard, Jan de,
_eautor.
245 1 2 _aA handbook on the book of Amos /
_cJan de Waard and William A. Smalley.
264 1 _aNew York :
_bUniet Bible Society,
_c1979.
300 _a274 páginas ;
_c24 centímetros.
336 _atext
_2rdacontent
337 _aunmediated
_2rdamedia
338 _avolume
_2rdacarrier
490 1 _aUBS Handbook Series
504 _aIncluye bibliografía.
505 0 _aAmós -- Capítulos.
526 _aSEG42
526 _aSEG41
526 _aSEG40
526 _aSEG39
526 _aP94
526 _aP87
526 _aP86
526 _aP85
526 _aP77
526 _aP76
526 _aP35
630 0 4 _aBiblia.
_pA.T.
_pAmós
_xComentarios.
700 1 _aSmalley, William A.,
_eautor.
910 _agl
_bjck
_d20101216
942 _2ddc
_cBOOK
949 _a220.05 UBSH 30
_wDEWEY
_c1
_i62421
_d2016-9-21
_e2016-9-18
_lCCODEBUL1
_mBUL
_n2
_p12.00
_r0
_sY
_tBOOK
_u2015-7-6
_xTEOLOGIA
_PP35
_0COMPRA
_o.STAFF. Colección Teología
994 _aC0
_bPEPRU
596 _a1
999 _a220.05 UBSH 30
_wDEWEY
_c51449
_i62421
_d51449
_e2016-9-18
_f2021-11-9
_g5
_lCCODEBUL1
_mBUL
_n2
_p12.00
_r0
_sY
_tBOOK
_u2015-7-6
_xTEOLOGIA
_PP35
_0COMPRA
_o.STAFF. Colección Teología
980 _81
_gALBERTO SANCHEZ Responsable de Automatización